Statistics for Brooklyn Nets: All-Star Selections

Click here to take the quiz!

General Stats

  • This quiz has been taken 241 times
    (200 since last reset)
  • The average score is 12 of 27

Answer Stats

Amount of SelectionsPlayer% Correct
5Jason Kidd
97%
2Kyrie Irving
96%
3Kevin Durant
95%
3Julius Erving
94%
2James Harden
85%
1Brook Lopez
80%
3Buck Williams
71%
1Deron Williams
71%
1Jayson Williams
71%
3Vince Carter
70%
1Joe Johnson
54%
1D'Angelo Russell
50%
1Kenyon Martin
45%
1Derrick Coleman
43%
1Kenny Anderson
26%
1Devin Harris
25%
1Stephon Marbury
24%
1Tony Jackson
21%
1Michael Ray Richardson
20%
1Otis Birdsong
13%
2Rick Barry
13%
3Bill Melchionni
10%
2Billy Paultz
9%
2Larry Kenon
7%
2Brian Taylor
6%
1Levern Tart
5%
1Walter Simon
4%

Score Distribution

Percentile by Number Answered

Percent of People with Each Score

Your Score History

You have not taken this quiz since the last reset